| 000 | 00849cam a22002417a 4500 | ||
|---|---|---|---|
| 001 | 14994453 | ||
| 005 | 20130131150708.0 | ||
| 008 | 070905s2007 dcua b i000 0 eng d | ||
| 020 | _a1589066189 (pbk.) | ||
| 020 | _a9781589066182 (pbk.) | ||
| 082 | 0 | 4 |
_a338.433621 _222 _bHSI |
| 100 | 1 |
_aHsiao, William C. _932239 |
|
| 245 | 1 | 0 |
_aWhat Macroeconomists Should Know About Health Care Policy / _cWilliam Hsiao and Peter S. Heller. |
| 260 |
_aWashington, D.C. : _bInternational Monetary Fund, _cc2007. |
||
| 300 |
_aix, 108 p. : _bill. ; _c28 cm. |
||
| 504 | _aIncludes bibliographical references (p. 92-108). | ||
| 650 | 0 |
_aMedical economics. _932240 |
|
| 650 | 0 |
_aMedical policy _xEconomic aspects. _932241 |
|
| 653 |
_bEco _cJanuary2013 |
||
| 700 | 1 |
_aHeller, Peter S. _932242 |
|
| 710 | 2 |
_aInternational Monetary Fund. _932243 |
|
| 942 |
_2ddc _cBB |
||
| 999 |
_c17193 _d17165 |
||